LEADER 01134nam--2200385---450- 001 990002040980203316 005 20070301091634.0 035 $a000204098 035 $aUSA01000204098 035 $a(ALEPH)000204098USA01 035 $a000204098 100 $a20040930d1977----km-y0itay0103----ba 101 0 $aeng 102 $aUS 105 $a||||||||001yy 200 1 $a<> bibliography of russian word-formation$fDean S. Worth 210 $aColumbus [Ohio]$cSlavica$d1977 215 $aXLIV, 317 p.$d23 cm 410 0$12001 454 1$12001 461 1$1001-------$12001 606 0 $aLingua russa$xEtimologia$xBibliografie 676 $a491.7 700 1$aWORTH,$bDean S.$0185466 801 0$aIT$bsalbc$gISBD 912 $a990002040980203316 951 $aVIII.1. Bibl. 7(XII B 19)$b2400 L.M.$cXII B 959 $aBK 969 $aUMA 979 $aSIAVPROV$b10$c20040930$lUSA01$h1445 979 $aCOPAT2$b90$c20050512$lUSA01$h1149 979 $aCOPAT2$b90$c20050512$lUSA01$h1155 979 $aCOPAT6$b90$c20070301$lUSA01$h0916 996 $aBibliography of russian word-formation$91039916 997 $aUNISA LEADER 01117nam a22002891i 4500 001 991000779479707536 005 20040130191155.0 008 040220s1966 it |||||||||||||||||ita 035 $ab12669234-39ule_inst 035 $aARCHE-066757$9ExL 040 $aDip.to Scienze pedagogiche$bita$cA.t.i. Arché s.c.r.l. Pandora Sicilia s.r.l. 082 04$a301.243 100 1 $aCarpenter, Edmund Snow$0120225 245 13$aLa comunicazione di massa /$cscritti raccolti a cura di Edmund Carpenter e Marshall McLuhan ; introduzione di Armando Plebe 260 $aFirenze :$bLa nuova Italia,$c1966 300 $aXXXI, 260 p. ;$c20 cm 440 0$aOrientamenti.$nNuova serie ;$v12 650 4$aComunicazione 650 4$aInformazione 700 1 $aMcLuhan, Marshall 700 1 $aAmbrosini, Riccardo 907 $a.b12669234$b02-04-14$c17-03-04 912 $a991000779479707536 945 $aLE022 MPs-S 114 F 25$g1$i2022000170772$lle022$o-$pE0.00$q-$rl$s- $t0$u0$v0$w0$x0$y.i13177758$z17-03-04 996 $aComunicazione di massa$9273704 997 $aUNISALENTO 998 $ale022$b17-03-04$cm$da $e-$fita$git $h3$i1